| 000 | 00562nam a22001817a 4500 | ||
|---|---|---|---|
| 003 | BD-DhUL | ||
| 005 | 20171122094620.0 | ||
| 008 | 171122s1885 ii ||||| |||| 00| 0 per d | ||
| 040 |
_aBD-DhUL _cBD-DhUL |
||
| 082 |
_a891.551 _bSHK |
||
| 100 | 0 | _aشمس الدین تبریز | |
| 245 | 0 |
_aکلیات شمس تبریز / _cشمس الدین تبریز |
|
| 246 | _akullīyāt-i Shams-i Tabrīz | ||
| 260 |
_aلکھنؤ : _bمطبع نامی منشی، _c۔۱۸۸۵ |
||
| 300 |
_aص۔ ۱۰۳۶ ؛ _c۳۴ سم۔ |
||
| 650 | 0 | _aPersian poetry | |
| 942 |
_2ddc _cBK |
||
| 999 |
_c232323 _d232323 |
||